ARRUPE JESUIT UNIVERSITY

CORONAVIRUS -STOP THE SPREAD - CLEAN,DISINFECT,COVER

Tillich (Record no. 17115)

MARC details
000 -LEADER
fixed length control field 00448nam a2200193Ia 4500
003 - CONTROL NUMBER IDENTIFIER
control field 0100
005 - DATE AND TIME OF LATEST TRANSACTION
control field 20171201093309.0
008 - FIXED-LENGTH DATA ELEMENTS--GENERAL INFORMATION
fixed length control field 130303s9999 xx 000 0 und d
040 ## - CATALOGING SOURCE
Transcribing agency ARRUPELIB
050 ## - LIBRARY OF CONGRESS CALL NUMBER
Classification number BX4827.T53H59 2000
300 ## - PHYSICAL DESCRIPTION
Other physical details 22 cm
100 ## - MAIN ENTRY--PERSONAL NAME
Personal name Thomas, J. Heywood
9 (RLIN) 37873
245 ## - TITLE STATEMENT
Title Tillich
Statement of responsibility, etc John Heywood Thomas
260 ## - PUBLICATION, DISTRIBUTION, ETC. (IMPRINT)
Place of publication, distribution, etc New York
260 ## - PUBLICATION, DISTRIBUTION, ETC. (IMPRINT)
Name of publisher, distributor, etc Continuum
260 ## - PUBLICATION, DISTRIBUTION, ETC. (IMPRINT)
Date of publication, distribution, etc 2000
300 ## - PHYSICAL DESCRIPTION
Extent 188 p.
440 ## - SERIES STATEMENT/ADDED ENTRY--TITLE
Title Outstanding christian thinkers
9 (RLIN) 24155
600 ## - SUBJECT ADDED ENTRY--PERSONAL NAME
Personal name Tillich, Paul
9 (RLIN) 37874
700 ## - ADDED ENTRY--PERSONAL NAME
Personal name J. Heywood Thomas
9 (RLIN) 37875
942 ## - ADDED ENTRY ELEMENTS (KOHA)
Source of classification or shelving scheme Library of Congress Classification
Koha item type Monograph ( Printed materials)
Holdings
Withdrawn status Lost status Source of classification or shelving scheme Damaged status Not for loan Collection code Home library Current library Shelving location Date acquired Total Checkouts Full call number Barcode Date last seen Copy number Price effective from Koha item type
    Library of Congress Classification     Main Collection ARRUPE LIBRARY ARRUPE LIBRARY Main Collection 04/03/2013   BX4827.T53 H59 2000 46003030684 22/11/2017 1 04/03/2013 Monograph ( Printed materials)

 

Arrupe Library. PO Box MP320 Mt Pleasant, Harare, Zimbabwe
263 242 745411|librarian@aju.ac.zw